00559nam a22001697a 4500003000400000005001700004008004100021040001800062100002900080245013200109260001800241650002200259650002500281650003700306700002400343856002200367OSt20240904111534.0240904b ||||| |||| 00| 0 eng d cAIMIT LIBRARY aShetty, K Prathiksha P. aStudy on customer perception towards favourite cashew factory products Udupi /bBy K Prathiksha P Shetty; guided by Beena Dias. aUdupi ;c2024 aLiterature review aResearch methodology aData analysis and interpretation aDias, Beena,eGuide 3Favourite Cashews